<A> Guide to Keynes

Saved in:
Bibliographic Details
Main Author: Hansen, Alvin H.
Format: Book
Language:English
Published: New York McGraw-Hill Publ. Co. 1953
Tags: Add Tag
No Tags, Be the first to tag this record!

MARC

LEADER 00000nam a2200000 4500
001 c113367
005 20151014135220.2
041 0 |a eng 
044 |a US 
245 1 0 |a <A> Guide to Keynes  |c Alvin H. Hansen 
264 1 |a New York  |b McGraw-Hill Publ. Co.  |c 1953 
300 |a xiv, 238 s. 
100 1 |a Hansen, Alvin H.